1902 1122 1910 1521 1496 1141 1034 1726 1500 1284 1006 1111 1324 1136 1244 1811 1122 1141 1317 1373 1546 1174 1926 1726 1364 1387 1489 1724 1072 1803 1786 1462 1547 1941 1266 1678 1829 1392 1753 1181 1129 1487 1066 1431 1070 1456 1848 1764 1522 1259 1018 1600 1789 1603 1110 1659 1352 1857 1356 1558 1521 1282 1932 1764 1751 1240 1961 1618 1833 1291 1004 1182 1096 1776 1327 1880 1346 1217 1207 1731 1004 1728 1812 1715 1566 1587 1957 1928 1809 1505 1036 1985 1546 1661 1182 1711 1363 1151 1784 BCNSPRNW ULIB Ver.6.0+V

เปลี่ยนเป็นภาษาไทย

Change to English
 แสดงรายละเอียดบรรณานุกรม
  กลับหน้าหลัก

Brief Record : Get Marc (ISO 2709) : E-mail record : QR code < ปิดหน้าต่าง
LEADER : 00000nam 2200000uu 4500
001    13399114719
003     ULIB
008    110219s2553||||th 000 0 tha d
099    วจ.LB2324^bพ899ส
100 0  เพ็ญศรี ทองเพชร
245 00 สภาพการดำเนินงานประกันคุณภาพภายในสถานศึกษา ของวิทยาลัยในสังกัดสถาบันพระบรมราชชนก กระทรวงสาธารณสุข /^cเพ็ญศรี ทองเพชร,รุ่งนภา จันทรา,ฉันทนา นาคฉัตรีย์
260    สุราษฎร์ธานี:^bวิทยาลัยพยาบาลบรมราชชนนี สุราษฎร์ธานี,^c2553
300    93 หน้า
650  7 ประกันคุณภาพการศึกษา^xวิจัย
700 0  รุ่งนภา จันทรา
700 0  ฉันทนา นาคฉัตรีย์
710 2  วิทยาลัยพยาบาลบรมราชชนนี สุราษฎร์ธานี
945    ^p0^l0^i031733
995    ทศพร
999 ^a ใช้งานได้ทุกระบบ
รายการนี้ยังไม่มีแท็ก
คุณยังไม่ได้ล็อกอิน คุณสามารถมีกิจกรรมร่วมกับเว็บไซต์ได้ แต่ต้องล็อกอินก่อน ::
  ล็อกอิน

รายการสื่อสารสนเทศ

ลำดับที่ ประเภท เลขเรียก/บาร์โค้ด สถานที่ สถานะ
1. งานวิจัย
งานวิจัย
วจ.LB2324 พ899ส ฉ.1 
  Barcode: 031733
ห้องสมุดวิทยาเขตสวรรค์ประชารักษ์
►วิจัย
บนชั้น

รายการใกล้เคียง
    ผู้แต่ง [เพ็ญศรี ทองเพชร]

BibComment


ยังไม่เคยถูกคอมเมนท์

คอมเมนท์ทรัพยากรรายการนี้
  คอมเมนท์: สภาพการดำเนินงานป..


 Copyright 2026. Bcnsprnw @Library